Countries Starting from B in 30 Seconds - Statistics

General Stats
  • This quiz has been taken 17 times
  • The average score is 9 of 17
Answer Stats
Answer % Correct
Bahamas
87%
Barbados
80%
Bangladesh
60%
Belgium
60%
Belize
60%
Bhutan
53%
Brazil
53%
Bulgaria
53%
Bahrain
47%
Bolivia
47%
Bosnia and Herzegovina
47%
Botswana
47%
Brunei
47%
Belarus
33%
Benin
33%
Burundi
33%
Burkina Faso
27%
No matching quizzes found
Score Distribution
Percent of People with Each Score
Percentile by Number Answered
Your Score History
You have not taken this quiz